| 000 | 00434nam a22001697a 4500 | ||
|---|---|---|---|
| 003 | MPLRDC | ||
| 005 | 20220104142817.0 | ||
| 008 | 210129b ||||| |||| 00| 0 eng d | ||
| 082 | _a520.9386 JZ-5 1986 c.2 | ||
| 100 | _a教总教育中心 | ||
| 245 |
_a华文中学改制专辑 _c |
||
| 250 | _a初版 | ||
| 260 |
_a _b马来西亚华校教师会总会 _c1986 |
||
| 300 | _b平 | ||
| 650 | _a | ||
| 942 |
_cBK _o520.9386 JZ-5 1986 c.2 |
||
| 999 |
_c33895 _d33885 |
||